000 00356nam a2200145Ia 4500
008 240624s9999 xx 000 0 und d
041 _aeng
082 _a658.8 LEE
100 _aLEE KIEFER
245 _aGLOBAL MARKETING MANAGEMENT
250 _a(2nd ed.)
260 _c2009
_aNew Delhi
_bOxford University Press
300 _a580 : p.
365 _cRS
_b32
999 _c18155
_d18155